Normal view
MARC view
- Road materials
Entry Topical Term
001 - CONTROL NUMBER
- control field: 21572
003 - CONTROL NUMBER IDENTIFIER
- control field: NUST
005 - DATE AND TIME OF LATEST TRANSACTION
- control field: 20190926122457.0
008 - FIXED-LENGTH DATA ELEMENTS
- fixed length control field: 190926|| aca||aabn | a|a d
040 ## - CATALOGING SOURCE
- Original cataloging agency: NUST
- Transcribing agency: NUST
150 ## - HEADING--TOPICAL TERM
- Topical term or geographic name entry element: Road materials
- General subdivision: Specifications.
670 ## - SOURCE DATA FOUND
- Source citation: Work cat.: (NUST)0: Smith, Nathan L. 21570, Material certification and material-certification effectiveness /, [1983]
